| 000 | 00798cam a2200229 4500 | ||
|---|---|---|---|
| 001 | D16122 | ||
| 008 | 090401t1985 xxu||||| |||| 00| 0 eng d | ||
| 035 | _a(Sirsi) u27232 | ||
| 041 | _aeng | ||
| 050 | _a368.5 | ||
| 110 |
_aRoyal Institution of Chartered Surveyors _94900 |
||
| 245 | _a[Royal Charter and bye-laws] Compulsory professional indemnity insurance | ||
| 260 |
_bRICS _c1985 |
||
| 300 | _a1 loose leaf. 2p | ||
| 350 | _a0 | ||
| 520 | _aFiled in box RICS 1985/46 ; Amendments to bye-laws approved at an EGM 5 July 1984, to come into force 1 Jan 1986. Included as an insert to Chartered Quantity Surveyor Jan `85 | ||
| 650 | _aABOUT RICS-RICS MEMBERS | ||
| 650 | _aCOMPULSORY PROFESSIONAL INDEMNITY INSURANCE | ||
| 650 |
_aInsurance _96249 |
||
| 942 | _n0 | ||
| 948 | _c04/03/1997 | ||
| 999 |
_c89080 _d89080 |
||